Premier League Chain #2 - Statistics

General Stats
  • This quiz has been taken 197 times
  • The average score is 11 of 16
Answer Stats
Hint Answer % Correct
Tall Swedish striker who had a spell at Manchester United Zlatan Ibrahimovic
92%
All time top scorer in Premier League history Alan Shearer
91%
Scottish manager who has won more trophies than any other manager in the history of football Alex Ferguson
87%
First club of Wayne Rooney Everton
87%
Welsh winger who became a "Galáctico" at Real Madrid Gareth Bale
86%
Arsenal forward often said to be the best Premier League player ever Thierry Henry
84%
Nationality of Yaya and Kolo Toure Ivory Coast
80%
East Anglian team who play in yellow and green Norwich City
78%
Spanish region where Pep Guardiola is from Catalonia
77%
Top scoring Bosnian striker once of Manchester City Edin Džeko
76%
Surname of experienced Premier League winger Ashley.. Young
70%
Argentinian Premier League winning centre back Nicolás Otamendi
51%
Surname of one half of a famous Manchester United strike partnership Yorke
51%
Former Premier League team who play at The Valley Charlton Athletic
49%
Paraguayan forward, a former Manchester City and Blackburn player Roque Santa Cruz
36%
Home ground of Barnsley Oakwell
12%
No matching quizzes found
Score Distribution
Percent of People with Each Score
Percentile by Number Answered
Your Score History
You have not taken this quiz